| 000 | 00347nam a22001457a 4500 | ||
|---|---|---|---|
| 020 | _a8170084032 | ||
| 082 |
_a624 _bPUN/BA |
||
| 100 |
_aPunmia,B.C _9569 |
||
| 100 |
_aJain,Ashok.K _9463 |
||
| 100 |
_aJain,Arun.K _9570 |
||
| 245 | _aBasic Civil Engineering | ||
| 260 |
_aCochin _bLaxmi Publications (P) Ltd _c2012 |
||
| 300 | _a446 | ||
| 942 | _cBK | ||
| 999 |
_c14364 _d14364 |
||